|
|
|
|
| LEADER |
01321nam a2200325 4500 |
| 001 |
000024215 |
| 003 |
20696 |
| 005 |
20161028101037.0 |
| 008 |
161021s2015 viesd |
| 020 |
|
|
|c 400000đ
|
| 041 |
0 |
|
|a vie
|
| 082 |
1 |
4 |
|a 959.7032
|b CA-T
|
| 100 |
1 |
|
|a Cao Tự Thanh
|
| 245 |
1 |
0 |
|a Từ Cách mạng Tháng Tám đến toàn quốc kháng chiến
|b Tư liệu và suy nghĩ
|c Cao Tự Thanh (Tuyển chọn, chỉnh lý và giới thiệu)
|n Tập 2
|p Từ Cách mạng Tháng Tám đến toàn quốc kháng chiến - Tư liệu và suy nghĩ
|
| 260 |
|
|
|a Tp.HCM
|b Văn hóa - Văn nghệ
|c 2015
|
| 300 |
|
|
|a 912 tr.
|c 24 cm.
|
| 650 |
0 |
4 |
|a Báo chí
|y 1945-1946
|z Việt Nam
|
| 653 |
|
|
|a Lịch sử
|
| 653 |
|
|
|a 1945-1946
|
| 773 |
|
|
|t Từ Cách mạng Tháng Tám đến Toàn quốc kháng chiến tư liệu và suy nghĩ
|w 20694
|
| OWN |
|
|
|a LSP
|
| AVA |
|
|
|a UDN50
|b LSP
|d 959.7032 CA-T
|e available
|t Error 5001 Not defined in file expand_doc_bib_avail.
|f 2
|g 0
|h N
|i 0
|k 1
|
| 999 |
|
|
|a From the UDN01
|
| AVA |
|
|
|a UDN50
|b LSP
|d 959.7032 CA-T
|e available
|t Error 5001 Not defined in file expand_doc_bib_avail.
|f 2
|g 0
|h N
|i 0
|k 1
|
| TYP |
|
|
|a Monograph
|
| TYP |
|
|
|a Printed language
|
| 980 |
|
|
|a Mạng thư viện Đại học Đà Nẵng
|